Central Library OPAC University of Rajshahi

Religion & science : (Record no. 31466)

MARC details
000 -LEADER
fixed length control field 01046cam a2200301 a 4500
001 - CONTROL NUMBER
control field 31466
003 - CONTROL NUMBER IDENTIFIER
rucl marc code BD-RjUL
005 - DATE AND TIME OF LATEST TRANSACTION
control field 20211209051714.0
008 - FIXED-LENGTH DATA ELEMENTS--GENERAL INFORMATION
fixed length control field 140416s193 61960 nyua b 001 0 eng
035 ## - SYSTEM CONTROL NUMBER
System control number (BD-RjUL)
040 ## - CATALOGING SOURCE
Original cataloging agency DLC
Transcribing agency DLC
Modifying agency DLC
Language of cataloging eng
041 ## - LANGUAGE CODE
Language code of text/sound track or separate title eng
082 00 - DEWEY DECIMAL CLASSIFICATION NUMBER
Classification number 261.55
Edition number 20
Author mark and year RUR 1960
100 ## - MAIN ENTRY--PERSONAL NAME
Personal name Russell ,Bertrand
9 (RLIN) 3380
245 00 - TITLE STATEMENT
Title Religion & science :
Statement of responsibility, etc. Bertrand Russell
260 ## - PUBLICATION, DISTRIBUTION, ETC. (IMPRINT)
Place of publication, distribution, etc. New York :
Name of publisher, distributor, etc. Oxford University Press ,
Date of publication, distribution, etc. 1935 [Reprinted 1960]
300 ## - PHYSICAL DESCRIPTION
Pagination xxiii, 254 p. ;
Illustrations ill. ;
Size 21 cm.
504 ## - BIBLIOGRAPHY, ETC. NOTE
Bibliography, etc Includes bibliographical references (p. [429]-438) and index.
650 #0 - SUBJECT ADDED ENTRY--TOPICAL TERM
Topical term or geographic name as entry element Religion and science.
9 (RLIN) 95729
Topical term or geographic name as entry element Religion and science
General subdivision History.
9 (RLIN) 34961
Topical term or geographic name as entry element Religion and science
General subdivision Methodology.
9 (RLIN) 95730
700 1# - ADDED ENTRY--PERSONAL NAME
Personal name Richardson, W. Mark,
Dates associated with a name 1949-
Personal name Wildman, Wesley J.,
Dates associated with a name 1961-
856 42 - ELECTRONIC LOCATION AND ACCESS
Materials specified Publisher description
Uniform Resource Identifier <a href="http://www.loc.gov/catdir/enhancements/fy0651/95047045-d.html">http://www.loc.gov/catdir/enhancements/fy0651/95047045-d.html</a>
942 ## - ADDED ENTRY ELEMENTS (KOHA)
Source of classification or shelving scheme Dewey Decimal Classification
Koha item type Books
Holdings
Lost status Source of classification or shelving scheme Damaged status Not for loan Collection code Permanent Location Current Location Shelving location Date acquired Source of acquisition Cost, normal purchase price Total Checkouts Full call number Date last seen Copy number Koha item type
  Dewey Decimal Classification     Non-fiction Central Library, University of Rajshahi Central Library, University of Rajshahi Reading Room 07/06/1963 Zeitlinger 10.60   261.55 RUR 1960 16/04/2014 C-3 Books
  Dewey Decimal Classification     Non-fiction Central Library, University of Rajshahi Central Library, University of Rajshahi   12/10/1990 Shawket Osman     261.55 RUR 1949 16/04/2014 C-5 Books